Score 0/7 Timer 03:00
2 Plays Today
Question Answer Wrong Answers
This future US President kills attorney Charles Dickinson in a duel.
1806
Andrew Jackson
66%
John Quincy Adams
13.8%
Martin Van Buren
13%
John Tyler
7.1%
In an inspiring act of resistance, Manolis Glezos and Apostolos Santas climb to the top of this Greek landmark and tear down the Nazi flag.
1941
Acropolis
65.4%
Mount Olympus
23.7%
Mount Lycabettus
2.1%
Temple of Olympian Zeus
4.7%
This musician and actress, known for singing the Oscar and Grammy Award-winning song ‘Let It Go’ in the movie ‘Frozen,’ is born.
1971
Idina Menzel
64.4%
Kristen Bell
15.9%
Kristin Chenoweth
8.3%
Amy Adams
6.1%
The Treaty of Paris is signed, ending the War of the Sixth Coalition and returning French borders to their 1792 extent. Napoleon is exiled to ______.
1814
Elba
64%
Saint Helena
17.2%
Corsica
11.2%
Crete
5.7%
Decoration Day, the predecessor of this modern holiday, is observed in the United States for the first time.
1868
Memorial Day
61.1%
Labor Day
6.9%
Veterans Day
24.9%
Columbus Day
4%
This long-time Dominican dictator is assassinated in Santo Domingo, Dominican Republic.
1961
Rafael Trujillo
37.3%
Augusto Pinochet
19.4%
Fulgencio Batista
24.8%
Anastasio Somoza García
13.6%
This international organization dedicated to the exploration of space is established.
1975
European Space Agency
32%
National Aeronautics and Space Administration
51.9%
National Center of Space Research
8.4%
Pan-Arab Space Agency
2.1%
Remove Ads.
Support Sporcle.
Get the best of Sporcle when you Go Orange. This ad-free experience offers more features, more stats, and more fun while also helping to support Sporcle. Thank you for becoming a member.

You're not logged in!

Compare scores with friends on all Sporcle quizzes.
OR
Log In

Show Comments

Extras

Top Quizzes Today


Score Distribution

Your Account Isn't Verified!

In order to create a playlist on Sporcle, you need to verify the email address you used during registration. Go to your Sporcle Settings to finish the process.

Report this User

Report this user for behavior that violates our Community Guidelines.

Details: